000 00597nam a22002297a 4500
003 OSt
005 20180323173024.0
008 180323b xxu||||| |||| 00| 0 eng d
020 _a8131529187
020 _a9788185790019
040 _cDNLM
082 _aQV704 H117p 2015
100 _aHadkar, U.B.
_912573
245 _aPractical Physical Pharmacy and Pharmaceutics
250 _a12th ed.
260 _aShivaji Nagar; Nirali prakashan, 2015
300 _a[700]p; ill: 24cm
504 _aIndex included
650 _aPharmacy
_912574
650 _aPharmaceutics
_91575
942 _2z
_cSLOAN
999 _c6075
_d6075